[Event "XXVII Festival A"]
[Site "Arco ITA"]
[Date "2005.10.25"]
[Round "4"]
[White "Agdestein, Simen"]
[Black "Mukic, Josko"]
[Result "1-0"]
[WhiteElo "2582"]
[BlackElo "2328"]
[PlyCount "143"]
[EventDate "2005.10.22"]

1. d4 Nf6 2. Nf3 g6 3. c4 Bg7 4. g3 O-O 5. Bg2 d6 6. Nc3 Nbd7 7. O-O e5 8. e4
exd4 9. Nxd4 Nc5 10. f3 a5 11. Be3 Nfd7 12. Re1 a4 13. f4 c6 14. Rb1 Re8 15.
Bf2 Nf6 16. h3 Qa5 17. Qc2 Qb4 18. a3 Qa5 19. Rbd1 Bd7 20. g4 h5 21. g5 Nh7 22.
Nf3 Be6 23. Bf1 Rad8 24. f5 Bc8 25. f6 Bf8 26. h4 Bg4 27. Bg2 Nb3 28. Rd3 Nc5
29. Rdd1 Nb3 30. Rd3 Nc5 31. Rde3 Be6 32. Bf1 Qa6 33. Nd2 Qa5 34. Rg3 Ra8 35.
Be2 Nd7 36. Bd1 Nc5 37. Ree3 Rac8 38. Be2 Ra8 39. Bd1 Rac8 40. Be2 Ra8 41. Nf3
Bg4 42. Rxg4 hxg4 43. Nd4 d5 44. cxd5 Nb3 45. Nxb3 axb3 46. Qxb3 Bc5 47. Rd3
cxd5 48. Rxd5 Bxf2+ 49. Kxf2 Qc7 50. Kg2 Nf8 51. Bxg4 Ne6 52. Bxe6 Rxe6 53. Qd1
Qf4 54. h5 Re5 55. Rxe5 Qxe5 56. Qd5 Qxd5 57. Nxd5 gxh5 58. Kg3 Ra4 59. Nc3 Rd4
60. Kh4 Rd2 61. Kxh5 Rxb2 62. a4 Rb4 63. e5 Rc4 64. Nb5 Rxa4 65. Nd6 b6 66. g6
fxg6+ 67. Kxg6 Rd4 68. Nc8 b5 69. e6 Rg4+ 70. Kf5 Rg1 71. e7 Rf1+ 72. Kg4 1-0

[Event "XXVII Festival A"]
[Site "Arco ITA"]
[Date "2005.10.25"]
[Round "4"]
[White "Ager, Josef"]
[Black "Bartonicek, Zdenek sr"]
[Result "1-0"]
[WhiteElo "2246"]
[BlackElo "2097"]
[PlyCount "67"]
[EventDate "2005.10.22"]

1. Nf3 Nf6 2. d4 g6 3. c4 Bg7 4. Nc3 d5 5. Bd2 O-O 6. Rc1 Bg4 7. e3 c5 8. dxc5
e5 9. Qb3 d4 10. Nd5 Ne4 11. Qxb7 Nd7 12. Qc7 Qe8 13. c6 Ndc5 14. Bb4 Na6 15.
Qa5 Nxb4 16. Qxb4 Rb8 17. Qa3 dxe3 18. Qxe3 Bxf3 19. gxf3 Nd6 20. Bh3 Rxb2 21.
O-O f5 22. Qa3 Qd8 23. Qxb2 Qh4 24. Bg2 e4 25. Qd2 exf3 26. Qf4 Qxf4 27. Nxf4
Bh6 28. Bxf3 Bxf4 29. Rce1 Nc8 30. Rd1 Kg7 31. Rd7+ Kf6 32. Rxh7 Ne7 33. Re1
Re8 34. Bd5 1-0

[Event "XXVII Festival A"]
[Site "Arco ITA"]
[Date "2005.10.25"]
[Round "4"]
[White "Bergvoll, Mats"]
[Black "Geske, Julian"]
[Result "1/2-1/2"]
[WhiteElo "1944"]
[BlackElo "2077"]
[PlyCount "61"]
[EventDate "2005.10.22"]

1. e4 e5 2. Nf3 Nc6 3. Bb5 a6 4. Ba4 Nf6 5. O-O Nxe4 6. d4 b5 7. Bb3 d5 8. dxe5
Be6 9. Be3 Be7 10. c3 Nc5 11. Bc2 Nd7 12. Re1 Ndxe5 13. Nd4 Nxd4 14. Bxd4 Nc6
15. Bxg7 Rg8 16. Qh5 Kd7 17. Bh6 Bd6 18. Nd2 Qf6 19. Nf3 Bf4 20. Bxf4 Qxf4 21.
Ne5+ Nxe5 22. Rxe5 c6 23. Rae1 Rae8 24. g3 Qf6 25. Qe2 h5 26. Qe3 h4 27. Qa7+
Kd6 28. b4 hxg3 29. Qc5+ Kd7 30. Qa7+ Kd6 31. Qc5+ 1/2-1/2

[Event "XXVII Festival A"]
[Site "Arco ITA"]
[Date "2005.10.25"]
[Round "4"]
[White "Bondielli, Giorgio"]
[Black "Di Cio', Enrico"]
[Result "1-0"]
[WhiteElo "2005"]
[BlackElo "1821"]
[PlyCount "78"]
[EventDate "2005.10.22"]

1. e4 e5 2. Nf3 Nc6 3. d4 exd4 4. Bc4 Bc5 5. O-O Nge7 6. Bg5 d6 7. h3 Be6 8.
Bd5 Qd7 9. Bxe7 Nxe7 10. Bxe6 fxe6 11. Nxd4 e5 12. Nf3 O-O 13. Nc3 a6 14. Nxe5
Qe6 15. Nf3 Kh8 16. Qd3 h6 17. Nd5 Qd7 18. Nh4 Nxd5 19. Ng6+ Kg8 20. Nxf8 Rxf8
21. Qxd5+ Kh8 22. e5 Qb5 23. Qb3 Qxb3 24. axb3 dxe5 25. Rae1 Bd6 26. c4 b6 27.
Re3 Rf4 28. Rd1 Bc5 29. Re2 Bd4 30. Rd3 a5 31. g3 Rf5 32. Kg2 g5 33. Rf3 Rxf3
34. Kxf3 Kg7 35. Ke4 Kf6 36. f4 gxf4 37. gxf4 Ke6 38. Rg2 Kf6 39. h4 Bc5 1-0

[Event "XXVII Festival A"]
[Site "Arco ITA"]
[Date "2005.10.25"]
[Round "4"]
[White "Bronznik, Valerij"]
[Black "Diotallevi, Maurizio"]
[Result "1/2-1/2"]
[WhiteElo "2386"]
[BlackElo "2113"]
[PlyCount "72"]
[EventDate "2005.10.22"]

1. d4 d5 2. c4 e6 3. Nc3 Nf6 4. cxd5 exd5 5. Bg5 Be7 6. e3 c6 7. Bd3 Nbd7 8.
Qc2 Nf8 9. Nf3 g6 10. O-O Ne6 11. Bh4 Ng7 12. Rab1 Bf5 13. Bxf6 Bxf6 14. b4 a6
15. a4 Bxd3 16. Qxd3 O-O 17. b5 axb5 18. axb5 Ne6 19. Qc2 Qd6 20. bxc6 bxc6 21.
Rfc1 Rfb8 22. Rxb8+ Rxb8 23. Na4 Rb4 24. h3 Rc4 25. Qd1 Qb4 26. Rxc4 Qxc4 27.
Nb2 Qb5 28. Nd3 Kg7 29. Qc2 Be7 30. Nfe5 c5 31. dxc5 Bxc5 32. Nf3 Be7 33. Nd2
Bf6 34. Qb3 Qxb3 35. Nxb3 Bc3 36. Kf1 f5 1/2-1/2

[Event "XXVII Festival A"]
[Site "Arco ITA"]
[Date "2005.10.25"]
[Round "4"]
[White "Buck, Klaus-Michael"]
[Black "Pieri, Enzo"]
[Result "0-1"]
[WhiteElo "1576"]
[BlackElo "1949"]
[PlyCount "90"]
[EventDate "2005.10.22"]

1. d4 d5 2. c4 e6 3. cxd5 exd5 4. Nc3 Nf6 5. Nf3 c6 6. e3 Bd6 7. Bd3 O-O 8. O-O
Bg4 9. h3 Bc8 10. e4 dxe4 11. Nxe4 Nxe4 12. Bxe4 Nd7 13. Bc2 h6 14. a3 Nf6 15.
Re1 Be6 16. Bb3 Nd5 17. Be3 Qd7 18. Ne5 Qc7 19. Nf3 Rae8 20. Rc1 Nxe3 21. fxe3
Bf5 22. Bc2 Be4 23. Bxe4 Rxe4 24. Qd3 Qe7 25. Nd2 Re6 26. e4 Bf4 27. Rc2 Re8
28. e5 Qh4 29. Nf1 Qxe1 30. Re2 Qa5 31. Re4 Bc1 32. Qc2 Qd5 33. Rg4 Bg5 34. h4
Bd8 35. Qf2 Rg6 36. Ne3 Qe6 37. Rf4 c5 38. Nf5 cxd4 39. Nd6 Re7 40. h5 Rg5 41.
Nf5 Rc7 42. Qxd4 Rc1+ 43. Kh2 Rxh5+ 44. Nh4 Bxh4 45. g4 Bf2+ 0-1

[Event "XXVII Festival A"]
[Site "Arco ITA"]
[Date "2005.10.25"]
[Round "4"]
[White "Cazzaniga, Walter"]
[Black "Sjoestroem, Olle"]
[Result "1-0"]
[WhiteElo "2104"]
[BlackElo "2011"]
[PlyCount "89"]
[EventDate "2005.10.22"]

1. d4 d6 2. c4 f5 3. Nf3 Nf6 4. g3 Nc6 5. d5 Ne5 6. Nxe5 dxe5 7. Bg2 e6 8. Nc3
exd5 9. Nxd5 Nxd5 10. Qxd5 Qxd5 11. cxd5 Bd6 12. O-O b6 13. Bd2 Ba6 14. Rfe1
O-O 15. e4 g6 16. b4 Rae8 17. Rac1 Bd3 18. Rc3 Bxe4 19. Bxe4 fxe4 20. Rxe4 a5
21. bxa5 bxa5 22. Rc6 Rb8 23. Ra6 Rb2 24. Be1 Rxa2 25. Rxa5 Rc2 26. Kf1 Rf3 27.
Re2 Rc1 28. Rb5 Rd3 29. Re3 Rd4 30. Ke2 Rcd1 31. Bc3 Rxd5 32. Rb8+ Kf7 33. Rh8
Kg7 34. Rd8 g5 35. f4 Kf6 36. fxe5+ Kf5 37. exd6 cxd6 38. Rf8+ Kg4 39. Rh8 h5
40. Re4+ Kf5 41. Rhe8 Rc1 42. Bd4 Rc2+ 43. Kd3 Rxh2 44. Rf8+ Kg6 45. Re6+ 1-0

[Event "XXVII Festival A"]
[Site "Arco ITA"]
[Date "2005.10.25"]
[Round "4"]
[White "Coimbra, Margarida"]
[Black "Wohl, Aleksandar H."]
[Result "0-1"]
[WhiteElo "2084"]
[BlackElo "2439"]
[PlyCount "68"]
[EventDate "2005.10.22"]

1. e4 c5 2. Nc3 Nc6 3. g3 g6 4. d3 Bg7 5. Be3 d6 6. Qd2 Nd4 7. Bg2 Nf6 8. h3
O-O 9. f4 Rb8 10. Nf3 Nxf3+ 11. Bxf3 b5 12. Bg2 b4 13. Ne2 a5 14. O-O d5 15.
Bxc5 dxe4 16. Rad1 exd3 17. Qxd3 Qc7 18. Bd4 Bf5 19. Qe3 Qxc2 20. Be5 Rbc8 21.
Nd4 Qc4 22. Nxf5 gxf5 23. b3 Qe6 24. Rfe1 Rc2 25. Re2 Rxe2 26. Qxe2 Ne4 27.
Bxg7 Kxg7 28. Bxe4 fxe4 29. Qg4+ Qxg4 30. hxg4 Rc8 31. Re1 Rc2 32. Rxe4 Rxa2
33. Rxe7 a4 34. Re3 a3 0-1

[Event "XXVII Festival A"]
[Site "Arco ITA"]
[Date "2005.10.25"]
[Round "4"]
[White "Dalponte, Dino"]
[Black "Sautto, Alessandra"]
[Result "1/2-1/2"]
[WhiteElo "2101"]
[BlackElo "1939"]
[PlyCount "66"]
[EventDate "2005.10.22"]

1. d4 d5 2. Nf3 c6 3. c3 Bf5 4. Ne5 Nd7 5. Bf4 Nxe5 6. Bxe5 e6 7. e3 Nf6 8. Qb3
Qb6 9. Bxf6 gxf6 10. Nd2 e5 11. Rc1 Qxb3 12. Nxb3 Bd6 13. a3 b5 14. Na5 Kd7 15.
Kd2 Rab8 16. Bd3 Bxd3 17. Kxd3 e4+ 18. Kc2 f5 19. g3 Bc7 20. Nb3 Bd6 21. Rcf1
Rbf8 22. Kd2 h5 23. h4 Rhg8 24. Ke2 f6 25. Rhg1 Ke7 26. Na5 Kd7 27. b4 Bc7 28.
Nb3 a5 29. Kd2 a4 30. Nc1 Ke6 31. Ne2 Rg6 32. Rg2 Rfg8 33. Rgg1 R8g7 1/2-1/2

[Event "XXVII Festival A"]
[Site "Arco ITA"]
[Date "2005.10.25"]
[Round "4"]
[White "Danielsen, Magnus"]
[Black "Ziltener, Werner"]
[Result "1-0"]
[WhiteElo "1961"]
[BlackElo "2101"]
[PlyCount "135"]
[EventDate "2005.10.22"]

1. e4 e5 2. Nf3 Nc6 3. d4 exd4 4. Bc4 Nf6 5. e5 d5 6. Bb5 Ne4 7. Nxd4 Bd7 8.
Bxc6 bxc6 9. O-O Be7 10. Be3 c5 11. Nb3 d4 12. Bf4 O-O 13. f3 Ng5 14. Bxg5 Bxg5
15. Nxc5 Be3+ 16. Kh1 Bb5 17. Nd3 Qd5 18. Na3 Ba6 19. Nb4 Qb7 20. Nxa6 Qxa6 21.
Qd3 Qh6 22. g3 Rad8 23. Nc4 Bg5 24. Rae1 Be7 25. Re4 c5 26. Kg2 f5 27. exf6
Bxf6 28. Ne5 Kh8 29. Ng4 Qg5 30. Rfe1 Qd5 31. Nxf6 Rxf6 32. Re8+ Rf8 33. Rxd8
Rxd8 34. b3 Kg8 35. Qe4 Qxe4 36. Rxe4 d3 37. cxd3 Rxd3 38. Kf2 Rd2+ 39. Re2 Rd5
40. Ke3 Kf7 41. Rd2 Re5+ 42. Kd3 Rf5 43. Kc4 Ke6 44. f4 g5 45. Re2+ Kd6 46. Re5
Rxe5 47. fxe5+ Kxe5 48. Kxc5 g4 49. Kb5 Ke4 50. Ka6 Kf3 51. Kxa7 Kg2 52. b4
Kxh2 53. b5 Kxg3 54. b6 h5 55. b7 h4 56. b8=Q+ Kh3 57. Qc8 Kg3 58. Qc7+ Kh3 59.
Qd7 Kg3 60. Qd6+ Kh3 61. Qe6 Kg3 62. Qe1+ Kh3 63. Qh1+ Kg3 64. Kb7 h3 65. Qg1+
Kh4 66. a4 g3 67. a5 g2 68. Qh2 1-0

[Event "XXVII Festival A"]
[Site "Arco ITA"]
[Date "2005.10.25"]
[Round "4"]
[White "Dittmar, Peter"]
[Black "Caruana, Fabiano"]
[Result "1/2-1/2"]
[WhiteElo "2322"]
[BlackElo "2373"]
[PlyCount "129"]
[EventDate "2005.10.22"]

1. Nf3 Nf6 2. c4 g6 3. b3 Bg7 4. Bb2 O-O 5. g3 d5 6. cxd5 Qxd5 7. Bg2 Qh5 8. h3
Rd8 9. d3 Nc6 10. Nbd2 a5 11. a3 Nd7 12. Bxg7 Kxg7 13. Qc2 Nde5 14. Qc3 Kg8 15.
Nxe5 Qxe5 16. Qxe5 Nxe5 17. O-O c6 18. Nc4 Nd7 19. b4 a4 20. Rab1 Nf6 21. Rfc1
Be6 22. b5 Bd5 23. bxc6 bxc6 24. Ne5 Rdb8 25. Nxc6 Bxc6 26. Bxc6 Rxb1 27. Rxb1
Rc8 28. Bxa4 Ra8 29. Rb4 Ra5 30. h4 Nd5 31. Rb5 Rxa4 32. Rxd5 Rxa3 33. h5 e6
34. Rb5 Kg7 35. Kg2 Kf6 36. g4 e5 37. g5+ Ke6 38. Rb6+ Ke7 39. h6 Ra4 40. Kg3
Ra1 41. Kg2 Ra4 42. e4 Ra8 43. Kf3 Ra3 44. Ke3 Ra1 45. f4 Rg1 46. Rb7+ Ke6 47.
Rb6+ Ke7 48. fxe5 Rxg5 49. Rb7+ Ke6 50. Rb6+ Ke7 51. Kd4 Rh5 52. Kd5 Rxh6 53.
Rb7+ Ke8 54. e6 fxe6+ 55. Kxe6 g5+ 56. Kf5 Rd6 57. Rxh7 Rxd3 58. e5 Rf3+ 59.
Ke6 Kf8 60. Rh5 g4 61. Rg5 g3 62. Rg4 Ra3 63. Kf6 Rf3+ 64. Ke6 Ra3 65. Kf6
1/2-1/2

[Event "XXVII Festival A"]
[Site "Arco ITA"]
[Date "2005.10.25"]
[Round "4"]
[White "Dusi, Valerio"]
[Black "Perryman, Marcus"]
[Result "1/2-1/2"]
[WhiteElo "1882"]
[BlackElo "2045"]
[PlyCount "37"]
[EventDate "2005.10.22"]

1. d4 d5 2. Nf3 Nf6 3. g3 Bg4 4. Bg2 e6 5. O-O Nbd7 6. Bg5 Be7 7. Nbd2 O-O 8.
Re1 c5 9. c3 cxd4 10. cxd4 h6 11. Bf4 Rc8 12. Rc1 Qb6 13. Qb3 Qxb3 14. Nxb3 Ne4
15. h3 Bf5 16. g4 Bh7 17. a3 Bd6 18. Bxd6 Nxd6 19. Nfd2 1/2-1/2

[Event "XXVII Festival A"]
[Site "Arco ITA"]
[Date "2005.10.25"]
[Round "4"]
[White "Giancotti, Eraldo"]
[Black "Moratto, Davide"]
[Result "0-1"]
[WhiteElo "2063"]
[BlackElo "1729"]
[PlyCount "86"]
[EventDate "2005.10.22"]

1. d4 Nf6 2. Bg5 e6 3. e4 h6 4. Bxf6 Qxf6 5. Nc3 Bb4 6. Qd2 d6 7. Nf3 Bd7 8.
O-O-O a5 9. a3 Bxc3 10. Qxc3 Qd8 11. Qe3 b5 12. Rd3 O-O 13. b4 axb4 14. axb4
Nc6 15. Rb3 Qb8 16. Qc3 Ne7 17. Be2 Qa7 18. Nd2 Rfc8 19. Rb1 c5 20. Nb3 cxd4
21. Qxd4 Qc7 22. Rb2 Nc6 23. Qd2 Ne5 24. Na5 Nc4 25. Bxc4 bxc4 26. Qc3 d5 27.
exd5 exd5 28. g3 Be6 29. Rd1 Rd8 30. Rd4 Ra6 31. f4 Bf5 32. Nb3 Ra3 33. g4 Be4
34. b5 Qxf4+ 35. Qd2 Qf1+ 36. Qd1 Qxd1+ 37. Kxd1 cxb3 38. c4 Bc2+ 39. Kd2 Ra4
40. Rxd5 Rxd5+ 41. cxd5 Rb4 42. Kc3 Rxb5 43. Kc4 Rb8 0-1

[Event "XXVII Festival A"]
[Site "Arco ITA"]
[Date "2005.10.25"]
[Round "4"]
[White "Giuriato, Sergio"]
[Black "Wagman, Stuart"]
[Result "1/2-1/2"]
[WhiteElo "1992"]
[BlackElo "2124"]
[PlyCount "43"]
[EventDate "2005.10.22"]

1. d4 d5 2. c4 c6 3. Nc3 Nf6 4. Nf3 dxc4 5. a4 Bf5 6. e3 e6 7. Bxc4 Bb4 8. O-O
O-O 9. Ne5 Nbd7 10. Nxd7 Qxd7 11. f3 Rfd8 12. Qe2 Bg6 13. Rd1 c5 14. dxc5 Qe7
15. c6 bxc6 16. e4 h6 17. Be3 e5 18. Rxd8+ Qxd8 19. Nd1 Nd7 20. Nf2 Qa5 21. Nd3
Be7 22. Qe1 1/2-1/2

[Event "XXVII Festival A"]
[Site "Arco ITA"]
[Date "2005.10.25"]
[Round "4"]
[White "Greevenbosch, Cornelis"]
[Black "Isonzo, David"]
[Result "0-1"]
[WhiteElo "2078"]
[BlackElo "2337"]
[PlyCount "134"]
[EventDate "2005.10.22"]

1. e4 Nf6 2. e5 Nd5 3. d4 d6 4. c4 Nb6 5. f4 dxe5 6. fxe5 c5 7. Nf3 cxd4 8.
Qxd4 Qxd4 9. Nxd4 g6 10. Nd2 Bg7 11. N2f3 O-O 12. Bf4 Na6 13. Be2 Nc5 14. O-O
h6 15. b4 Ne6 16. Nxe6 Bxe6 17. c5 Nd5 18. Bd2 Rfd8 19. Rad1 Nc7 20. a3 Bb3 21.
Rb1 Bd5 22. Bc3 Be4 23. Rbc1 Nd5 24. Ba1 g5 25. Nd2 Bg6 26. Nc4 Be4 27. Nd2 Bg6
28. Nc4 b6 29. c6 Rac8 30. b5 Nf4 31. Bg4 e6 32. Nd6 Rc7 33. Rcd1 Bf8 34. Bf3
Nd3 35. Be4 Nf4 36. a4 f5 37. Bf3 g4 38. g3 Nh3+ 39. Kg2 gxf3+ 40. Kxh3 Bh5 41.
g4 Bxg4+ 42. Kg3 Rg7 43. Rxf3 Bh5+ 44. Kf2 Be7 45. Rd4 Bxf3 46. Kxf3 Bg5 47. h4
Be7 48. c7 Ra8 49. c8=Q+ Rxc8 50. Nxc8 Bc5 51. Rd8+ Kh7 52. Bd4 Bb4 53. Re8 Rg4
54. Bf2 Ba3 55. Re7+ Bxe7 56. Nxe7 Rxa4 57. Nc6 a6 58. Nd4 axb5 59. Nxe6 b4 60.
Nd4 b3 61. Nxb3 Ra3 62. Kf4 Rxb3 63. e6 Kg6 64. Bd4 h5 65. Ke5 b5 66. Kd5 Rd3
67. Kc5 Rxd4 0-1

[Event "XXVII Festival A"]
[Site "Arco ITA"]
[Date "2005.10.25"]
[Round "4"]
[White "Kranebitter, Gerhard"]
[Black "Lymar, Irina"]
[Result "1/2-1/2"]
[WhiteElo "2070"]
[BlackElo "2309"]
[PlyCount "31"]
[EventDate "2005.10.22"]

1. e4 c5 2. Nf3 e6 3. c3 d5 4. e5 Nc6 5. d4 Qb6 6. a3 c4 7. g3 Bd7 8. Bg2 Na5
9. Nbd2 Ne7 10. O-O Ng6 11. Ng5 f6 12. exf6 gxf6 13. Nh3 Rc8 14. Qf3 Be7 15.
Re1 Qd6 16. b4 1/2-1/2

[Event "XXVII Festival A"]
[Site "Arco ITA"]
[Date "2005.10.25"]
[Round "4"]
[White "Kvisla, Johannes Luangtep"]
[Black "Bozzao, Francesco"]
[Result "1/2-1/2"]
[WhiteElo "2123"]
[BlackElo "1941"]
[PlyCount "78"]
[EventDate "2005.10.22"]

1. e4 c5 2. Nc3 e6 3. Nf3 Nc6 4. Bb5 Nge7 5. O-O Nd4 6. Re1 a6 7. Bf1 Nec6 8.
Nxd4 cxd4 9. Ne2 Bc5 10. d3 d5 11. Nf4 dxe4 12. Rxe4 Bd6 13. Nh5 g5 14. Qg4 h6
15. Re1 Qa5 16. Qe2 Qe5 17. Qxe5 Bxe5 18. g3 f5 19. Bg2 Bd6 20. g4 Kf7 21. gxf5
exf5 22. Bd5+ Kg6 23. Ng3 Bd7 24. Bd2 Ne5 25. f4 Ng4 26. Be6 Rad8 27. Ba5 Bxe6
28. Rxe6+ Kf7 29. Ree1 Rd7 30. Nxf5 Bxf4 31. h3 Ne3 32. Nxe3 Bxe3+ 33. Kg2 Rc8
34. Re2 Rc6 35. Rf1+ Rf6 36. Rxf6+ Kxf6 37. c3 Rd5 38. Bb6 Rd6 39. Bc5 Rd7
1/2-1/2

[Event "XXVII Festival A"]
[Site "Arco ITA"]
[Date "2005.10.25"]
[Round "4"]
[White "La Malfa, Stelio"]
[Black "Agostini, Guillermo"]
[Result "0-1"]
[WhiteElo "1635"]
[BlackElo "2050"]
[PlyCount "90"]
[EventDate "2005.10.22"]

1. e4 c5 2. Nf3 Nc6 3. d4 cxd4 4. c3 dxc3 5. Nxc3 e6 6. Bc4 a6 7. O-O Qc7 8.
Qe2 b5 9. Bb3 Bb7 10. Be3 Na5 11. Bc2 Nc4 12. Bd3 Nxe3 13. fxe3 Bc5 14. Rac1
Qb6 15. Rce1 Ne7 16. Ne5 f6 17. Rxf6 gxf6 18. Qh5+ Kd8 19. Nf7+ Kc7 20. Nxh8
Rxh8 21. Qh3 Rg8 22. Kh1 Kb8 23. Qxh7 Qd8 24. Qh5 f5 25. Qe2 Qb6 26. a3 Bd6 27.
h3 Bc7 28. Qf2 Qd6 29. Qg1 Qxd3 30. Rd1 Qc4 31. Rd4 Qc5 32. Qd1 d5 33. Ne2 e5
34. b4 Qb6 35. Rd2 Qxe3 36. exd5 Nxd5 37. Rd3 Qe4 38. Ng3 Qc4 39. Nxf5 Nf4 40.
Rd2 Nxg2 41. Kh2 Qf4+ 42. Kg1 Bb6+ 43. Nd4 Ne3+ 44. Qg4 Nxg4 45. Rg2 Qc1# 0-1

[Event "XXVII Festival A"]
[Site "Arco ITA"]
[Date "2005.10.25"]
[Round "4"]
[White "Larsen Hagen, Brede Andre"]
[Black "Astengo, Corrado"]
[Result "1/2-1/2"]
[WhiteElo "1951"]
[BlackElo "2105"]
[PlyCount "43"]
[EventDate "2005.10.22"]

1. e4 c5 2. Nf3 d6 3. d4 cxd4 4. Nxd4 Nf6 5. Nc3 a6 6. g3 e5 7. Nde2 Be6 8. Bg2
Be7 9. O-O O-O 10. h3 b5 11. g4 b4 12. Nd5 Nxd5 13. exd5 Bc8 14. a3 bxa3 15.
Rxa3 f5 16. gxf5 Bxf5 17. Ng3 Bg6 18. Be4 Rf6 19. Bg5 Rf8 20. Be3 Rf6 21. Bg5
Rf8 22. Be3 1/2-1/2

[Event "XXVII Festival A"]
[Site "Arco ITA"]
[Date "2005.10.25"]
[Round "4"]
[White "Manca, Federico"]
[Black "Fossum, Oystein Boyum"]
[Result "1-0"]
[WhiteElo "2408"]
[BlackElo "2247"]
[PlyCount "65"]
[EventDate "2005.10.22"]

1. e4 e6 2. d4 d5 3. Nc3 Nf6 4. Bg5 dxe4 5. Nxe4 Be7 6. Bxf6 Bxf6 7. Nf3 O-O 8.
Qd2 Be7 9. Bd3 Nd7 10. O-O-O c5 11. Neg5 h6 12. h4 Qc7 13. d5 exd5 14. Bh7+ Kh8
15. Qxd5 Qf4+ 16. Kb1 Nb6 17. Qd3 c4 18. Qe2 Bxg5 19. hxg5 Kxh7 20. Rd4 Qf5 21.
Qe7 Be6 22. gxh6 g6 23. Ng5+ Kg8 24. g4 Qxf2 25. Rd2 Nd5 26. Qxf8+ Rxf8 27.
Rxf2 Nc7 28. Ne4 Nd5 29. Rd2 f6 30. g5 f5 31. Nc5 Bf7 32. Nd7 Rc8 33. Rxd5 1-0

[Event "XXVII Festival A"]
[Site "Arco ITA"]
[Date "2005.10.25"]
[Round "4"]
[White "Marchand, Francois"]
[Black "Stolfa, Rodolfo"]
[Result "1-0"]
[WhiteElo "2269"]
[BlackElo "1700"]
[PlyCount "59"]
[EventDate "2005.10.22"]

1. d4 d5 2. c4 Nf6 3. cxd5 Nxd5 4. Nf3 Bf5 5. Nbd2 Nf6 6. Qb3 b6 7. Ne5 Be6 8.
Qa4+ Bd7 9. Qc2 e6 10. g3 c6 11. Bg2 Qc7 12. O-O Bd6 13. Ndc4 Nd5 14. Nd3 O-O
15. Bd2 Rc8 16. e4 Be7 17. exd5 cxd5 18. Rfc1 Bb5 19. Qd1 Bxc4 20. b3 Ba3 21.
bxc4 Bxc1 22. Rxc1 Qd8 23. cxd5 Rxc1 24. Qxc1 Nd7 25. dxe6 Rc8 26. exf7+ Kh8
27. Qa3 Nf8 28. Bb4 Qxd4 29. Bxf8 Qa1+ 30. Bf1 1-0

[Event "XXVII Festival A"]
[Site "Arco ITA"]
[Date "2005.10.25"]
[Round "4"]
[White "Mazet, Julien"]
[Black "Ivanov, Mikhail M."]
[Result "0-1"]
[WhiteElo "2250"]
[BlackElo "2457"]
[PlyCount "80"]
[EventDate "2005.10.22"]

1. d4 Nf6 2. Nf3 g6 3. c4 Bg7 4. Nc3 d6 5. Bg5 h6 6. Bh4 g5 7. Bg3 Nh5 8. e3 c5
9. d5 Qa5 10. Qb3 Nd7 11. Be2 a6 12. Nd2 Nxg3 13. hxg3 Rb8 14. O-O Ne5 15. Qc2
g4 16. a3 h5 17. Rab1 Bd7 18. Rfc1 Qc7 19. b4 f5 20. Bd3 Qc8 21. Ne2 Kf7 22.
bxc5 dxc5 23. Nf4 h4 24. gxh4 Rxh4 25. Nf1 b5 26. Ng3 Nxd3 27. Qxd3 Rb6 28. Ne6
Rxe6 29. dxe6+ Bxe6 30. cxb5 c4 31. bxa6 Qxa6 32. Qc2 Be5 33. Rb4 Qxa3 34. Rxc4
Bxg3 35. fxg3 Qxe3+ 36. Qf2 Rh1+ 37. Kxh1 Qxf2 38. R4c3 Qd4 39. R3c2 Bd5 40.
Rf1 e6 0-1

[Event "XXVII Festival A"]
[Site "Arco ITA"]
[Date "2005.10.25"]
[Round "4"]
[White "Niccoli, Paolo"]
[Black "Bossoni, Mario"]
[Result "1/2-1/2"]
[WhiteElo "1722"]
[BlackElo "1978"]
[PlyCount "45"]
[EventDate "2005.10.22"]

1. e4 c5 2. Nf3 e6 3. d4 cxd4 4. Nxd4 Nf6 5. Nc3 d6 6. Bg5 Be7 7. f4 Nc6 8. Qd2
h6 9. Bxf6 Bxf6 10. Ndb5 O-O 11. Nxd6 Bxc3 12. bxc3 Qa5 13. Bd3 Rd8 14. Nc4 Qc5
15. Ne3 b6 16. O-O Bb7 17. Kh1 Rac8 18. Rae1 Na5 19. f5 Bxe4 20. f6 Bxd3 21.
cxd3 Qxc3 22. Qf2 Qxf6 23. Qe2 1/2-1/2

[Event "XXVII Festival A"]
[Site "Arco ITA"]
[Date "2005.10.25"]
[Round "4"]
[White "Ohman, Anders"]
[Black "Loi, Andrea"]
[Result "1/2-1/2"]
[WhiteElo "2097"]
[BlackElo "1829"]
[PlyCount "42"]
[EventDate "2005.10.22"]

1. c4 Nf6 2. g3 c6 3. Bg2 d5 4. b3 Bf5 5. d3 Nbd7 6. Bb2 e5 7. cxd5 cxd5 8. Nf3
Bd6 9. O-O O-O 10. Nbd2 Rc8 11. Re1 Be6 12. Rc1 Qa5 13. a3 b5 14. b4 Qb6 15.
Nb3 Ng4 16. e3 Rxc1 17. Qxc1 d4 18. Na5 dxe3 19. fxe3 Bd5 20. Nh4 Bxg2 21. Nxg2
f5 1/2-1/2

[Event "XXVII Festival A"]
[Site "Arco ITA"]
[Date "2005.10.25"]
[Round "4"]
[White "Romagnoli, Roberto"]
[Black "Ricci, Alfredo"]
[Result "0-1"]
[WhiteElo "2139"]
[BlackElo "2016"]
[PlyCount "110"]
[EventDate "2005.10.22"]

1. c4 Nf6 2. Nc3 g6 3. e4 d6 4. Be2 c6 5. Nf3 Bg7 6. d3 O-O 7. O-O Nbd7 8. Rb1
c5 9. h3 b6 10. Be3 Bb7 11. Qd2 e6 12. Rfd1 Ne5 13. Nxe5 dxe5 14. b4 cxb4 15.
Rxb4 Qe7 16. Rbb1 Rfd8 17. Qb2 Bc6 18. a4 Nd7 19. Qb4 Qxb4 20. Rxb4 Bf8 21.
Rbb1 Bc5 22. Bd2 Bd4 23. Nb5 a6 24. Nxd4 exd4 25. a5 b5 26. Rb4 e5 27. Rc1 f5
28. exf5 gxf5 29. Bg5 Rdc8 30. Be7 Kf7 31. Bd6 Ke6 32. c5 Rg8 33. g3 Rg7 34.
Kh2 Rag8 35. Re1 Kf6 36. Bd1 Bd5 37. Rg1 f4 38. Bb3 Ke6 39. g4 h5 40. f3 Nb8
41. Rc1 Nc6 42. Bxd5+ Kxd5 43. Rb2 h4 44. Re1 Rc8 45. Ree2 Rb7 46. Kg2 b4 47.
Ra2 Rb5 48. Ra1 Re8 49. Bc7 Rxc5 50. Raa2 Rc3 51. Red2 Kc5 52. Kh2 Rc8 53. Bb6+
Kb5 54. Kg2 b3 55. Ra1 Rc2 0-1

[Event "XXVII Festival A"]
[Site "Arco ITA"]
[Date "2005.10.25"]
[Round "4"]
[White "Sartorio, Diego"]
[Black "Savarese, Vincenzo"]
[Result "0-1"]
[WhiteElo "1939"]
[BlackElo "1778"]
[PlyCount "44"]
[EventDate "2005.10.22"]

1. e4 d6 2. d4 Nf6 3. Nc3 e5 4. dxe5 dxe5 5. Qxd8+ Kxd8 6. Bc4 Be6 7. Bxe6 fxe6
8. Bg5 Nbd7 9. f3 Bc5 10. Nge2 c6 11. Rd1 Kc7 12. Na4 Bb4+ 13. c3 Be7 14. b3
Rhe8 15. Nb2 Rad8 16. Be3 Bc5 17. Kf2 Nxe4+ 18. fxe4 Rf8+ 19. Kg3 Bxe3 20. Rhf1
Nc5 21. Nc4 Nxe4+ 22. Kh4 Bg5+ 0-1

[Event "XXVII Festival A"]
[Site "Arco ITA"]
[Date "2005.10.25"]
[Round "4"]
[White "Schrott, Ernst"]
[Black "Ketzscher, Roland"]
[Result "1-0"]
[WhiteElo "1970"]
[BlackElo "2143"]
[PlyCount "53"]
[EventDate "2005.10.22"]

1. e4 e6 2. c4 c6 3. Nf3 d5 4. exd5 cxd5 5. cxd5 exd5 6. Bb5+ Bd7 7. Bxd7+ Nxd7
8. O-O Bd6 9. Nc3 Ne7 10. Qb3 Qb6 11. Qxb6 Nxb6 12. Nb5 Bb8 13. Re1 Kd7 14. b3
Nc6 15. Ba3 f6 16. Re2 Ne5 17. d4 Nxf3+ 18. gxf3 Bf4 19. Re7+ Kc6 20. Nc3 Rae8
21. Rae1 Rxe7 22. Rxe7 Rg8 23. b4 Nc4 24. b5+ Kb6 25. Bc5+ Ka5 26. Rxb7 Bb8 27.
a3 1-0

[Event "XXVII Festival A"]
[Site "Arco ITA"]
[Date "2005.10.25"]
[Round "4"]
[White "Scotti, Umberto"]
[Black "Salati, Paolo"]
[Result "1-0"]
[WhiteElo "2182"]
[BlackElo "1954"]
[PlyCount "55"]
[EventDate "2005.10.22"]

1. d4 d5 2. Nf3 Nf6 3. Bf4 e6 4. e3 Bd6 5. Bg3 Bxg3 6. hxg3 h6 7. Nbd2 Nbd7 8.
Bd3 c5 9. c3 Qe7 10. Ne5 c4 11. Bc2 Nxe5 12. dxe5 Nd7 13. f4 b5 14. Nf3 b4 15.
Nd4 bxc3 16. bxc3 Nb6 17. Nb5 Qc5 18. Nd6+ Ke7 19. Qe2 Bd7 20. O-O Nc8 21.
Nxc8+ Raxc8 22. Kh2 g6 23. Rab1 Rb8 24. e4 d4 25. cxd4 Qxd4 26. Rfd1 Qc5 27.
Qd2 Qc7 28. Qd6+ 1-0